000 00259nam a22001097a 4500
082 _a320
100 _aThakur, Sadhana
_966835
245 _aComparative Government and Politics
260 _aDelhi
_bAne Books
_c2018
650 _aPolitics
_979965
942 _cBK
999 _c63497
_d63497